000 00760nam a2200217Ii 4500
003 JO-AjNU
008 230605s9999||||xx |||||||||||||| ||und||
040 _aJO-AjNU
_bara
_erda
_cJO-AjNU
041 _aara
050 1 4 _aTS155.S526 1978
100 3 _aشهيب، محمد علي ,
_eauthor
_939168
245 0 0 _aادارة العمليات والانتاج في المنشات الصناعية والخدمية
250 _aط1
264 3 1 _aالقاهرة ، 1978
300 _a486ص
336 _atext
_btxt
_2rdacontent
337 _aunmediated
_bn
_2rdamedia
338 _avolume
_bnc
_2rdacarrier
490 0 _aدراسات في الفكر الاداء الحديث
650 4 _aادارة الانتاج-الكفاية الانتاجية
_939169
999 _aA16519
_c20087
_d20087